000 00277nam a22001097a 4500
008 230629b xxu||||| |||| 00| 0 eng d
082 _a338.9
_bEVA
245 _aApproaches to Rural- Urban Development
260 _aKenya
_bUniversity of Nairobi
300 _a40p
942 _2ddc
_cBK
999 _c2985
_d2985